000 01090nam a22003017a 4500
003 OSt
005 20260405090206.0
008 260405s1998 ua |||fr|||| 00| 0 ara d
040 _a EG-GICUC
_bara
_c EG-GICUC
_d EG-GICUC
_erda
041 _aara
082 0 4 _221
_a341.84
_bع ن . ب
092 0 4 _221
099 _aLaw1 12 341.84 ع ن . ب 1998
100 0 _aعنايت عبدالحميد ثابت
_eمؤلف.
245 _aبعض دروس في تنازع القوانين من حيث المكان و أحكام فضه في القانون المصري /
_cعنايت عبدالحميد ثابت .
250 _aالطبعة الأولي
264 1 _aالقاهرة :
_c1998 .
300 _a100 صفحة ؛
_c24 سم .
336 _2rda content
_atext
337 _2rda media
_aComputer
338 _2rda carrier
_aOnline Resource
546 _aالنص باللغة العربية
650 1 _aقانون دولي خاص
650 1 _aتنازع القوانين
856 4 0 _uhttps://fll.law.cu.edu.eg/fulltext/bks/B12-01242.pdf
905 _a59
942 _2ddc
_n0
_cBK
_e21
999 _c68919
_d68919